Cities by outlines #2 - Statistics

General Stats
  • This quiz has been taken 54 times
  • The average score is 6 of 15
Answer Stats
Picture Hint Answer % Correct
Asia Singapore
94%
North America Los Angeles
66%
Africa Kinshasa
57%
Oceania Auckland
55%
Africa Cape Town
55%
Europe Rome
53%
Asia Ho Chi Minh City
38%
North America Montreal
38%
Oceania Honolulu
34%
Asia Chongqing
28%
South America Salvador
19%
Europe Athens
15%
North America Kansas City
15%
North America Edmonton
13%
Asia Kyoto
6%
No matching quizzes found
Score Distribution
Percent of People with Each Score
Percentile by Number Answered
Your Score History
You have not taken this quiz